| 000 | 00385nam a2200157Ia 4500 | ||
|---|---|---|---|
| 008 | 221030s9999 xx 000 0 und d | ||
| 020 | _a0070590257 | ||
| 041 | _aEnglish | ||
| 082 |
_a105.23 _bHub |
||
| 100 | _aJ. R. Hubbard | ||
| 245 | 0 |
_aSchaum`s Data Structures with C++ _cby J. R. Hubbard |
|
| 260 |
_bTMH _aNew Delhi _c2005 |
||
| 300 | _a407 | ||
| 650 | _aComputers | ||
| 942 | _cBK | ||
| 999 |
_c2588 _d2588 |
||